WASTEWATER TREATMENT: CONCEPTS AND DESIGN APPROACH (Record no. 216860)

MARC details
000 -LEADER
fixed length control field 00510nam a22001817a 4500
008 - FIXED-LENGTH DATA ELEMENTS--GENERAL INFORMATION
fixed length control field 260323b |||||||| |||| 00| 0 eng d
020 ## - INTERNATIONAL STANDARD BOOK NUMBER
International Standard Book Number 978-81-19364-16-9
100 ## - MAIN ENTRY--PERSONAL NAME
Personal name KARIA G.L.
245 ## - TITLE STATEMENT
Title WASTEWATER TREATMENT: CONCEPTS AND DESIGN APPROACH
250 ## - EDITION STATEMENT
Edition statement 3RD ED.
260 ## - PUBLICATION, DISTRIBUTION, ETC.
Place of publication, distribution, etc. NEW DELHI
Name of publisher, distributor, etc. PHI LEARNING
Date of publication, distribution, etc. 2025
300 ## - PHYSICAL DESCRIPTION
Extent XII,452P.
500 ## - GENERAL NOTE
General note INCLUDES AN INDEX
650 ## - SUBJECT ADDED ENTRY
Topical term or geographic name entry element SEWAGE-PURIFICATION
700 ## - ADDED ENTRY--PERSONAL NAME
Personal name CHRISTIAN R.A. , NAMRATA D. JARIWALA
942 ## - ADDED ENTRY ELEMENTS (KOHA)
Source of classification or shelving scheme Library of Congress Classification
Koha item type Long Loan Book
Holdings
Withdrawn status Lost status Source of classification or shelving scheme Damaged status Not for loan Collection Home library Current library Shelving location Date acquired Inventory number Total checkouts Full call number Barcode Date last seen Copy number Price effective from Koha item type
    Dewey Decimal Classification     Science & Technology Kisii University Library Kisii University Library On Display 03/23/2026 112479   TD 745 .K37 2025 A001071 03/23/2026 C.1 03/23/2026 Long Loan Book
    Dewey Decimal Classification     Science & Technology Kisii University Library Kisii University Library On Display 03/23/2026 112480   TD 745 .K37 2025 A001072 03/23/2026 C.2 03/23/2026 Long Loan Book
    Dewey Decimal Classification     Science & Technology Kisii University Library Kisii University Library On Display 03/23/2026 112481   TD 745 .K37 2025 A001073 03/23/2026 C.3 03/23/2026 Long Loan Book
    Dewey Decimal Classification     Science & Technology Kisii University Library Kisii University Library On Display 03/23/2026 112482   TD 745 .K37 2025 A001074 03/23/2026 C.4 03/23/2026 Long Loan Book